(Record no. 183541)
[ view plain ]
| 000 -CABECERA | |
|---|---|
| campo de control de longitud fija | 00490nam a2200169Ia 4500 |
| 001 - NÚMERO DE CONTROL | |
| campo de control | IA_4144,14/09/2007,14/09/2007,0000001993 mx 0000000000spa00," |
| 008 - DATOS DE LONGITUD FIJA--INFORMACIÓN GENERAL | |
| campo de control de longitud fija | 220117s xx 000 0 und d |
| 010 ## - NÚMERO DE CONTROL DE LA BIBLIOTECA DEL CONGRESO | |
| Número de control de LC | 183541 |
| 090 ## - LOCALMENTE ASIGNADO TIPO-LC NÚMERO DE CLASIFICACIÓN (OCLC); NÚMERO DE CLASIFICACIÓN LOCAL (RLIN) | |
| Número de clasificación (OCLC) (R) ; Numero de clasificación, CALL (RLIN) (NR) | FOLLETO 2486 |
| 100 ## - ENTRADA PRINCIPAL--NOMBRE DE PERSONA | |
| Nombre de persona | Gómez Cruz |
| 9 (RLIN) | 154980 |
| 300 ## - DESCRIPCIÓN FÍSICA | |
| Extensión | 32 p. |
| 500 ## - NOTA GENERAL | |
| Nota general | S/c (Reporte de investigaciones |
| 650 ## - PUNTO DE ACCESO ADICIONAL DE MATERIA--TÉRMINO DE MATERIA | |
| Término de materia o nombre geográfico como elemento de entrada | Tratado de libre comercio |
| 9 (RLIN) | 155700 |
| 942 ## - ELEMENTOS DE PUNTO DE ACCESO ADICIONAL (KOHA) | |
| Tipo de ítem Koha | |
No items available.
